| 000 | 00614nam a2200169Ia 4500 | ||
|---|---|---|---|
| 008 | 090711s9999 xx 000 0 und d | ||
| 082 | _b1537 | ||
| 100 | _aनाडकर्णी सुरेश | ||
| 245 | _aअज्ञाताSो विज्ञान | ||
| 260 |
_bमहेता पब्लिकेशन हाऊस _c1998 |
||
| 300 | _a208 | ||
| 600 | _aनाडकर्णी सुरेश | ||
| 630 | _aअज्ञाताSो विज्ञान | ||
| 700 | _aनाडकर्णी सुरेश | ||
| 730 | _aअज्ञाताSो विज्ञान | ||
| 942 | _cBOOK | ||
| 999 |
_c325018 _d325018 |
||